اصلاحی نصاب (Record no. 611779)
[ view plain ]
| 000 -LEADER | |
|---|---|
| fixed length control field | 00317nam a22001217a 4500 |
| 040 ## - CATALOGING SOURCE | |
| Transcribing agency | Nust |
| 082 ## - DEWEY DECIMAL CLASSIFICATION NUMBER | |
| Classification number | 297.7 |
| Author Mark | ASH |
| 100 ## - MAIN ENTRY--PERSONAL NAME | |
| Personal name | Maulana Ashraf Ali Thanvi |
| 9 (RLIN) | 114492 |
| 245 ## - TITLE STATEMENT | |
| Title | اصلاحی نصاب |
| 260 ## - PUBLICATION, DISTRIBUTION, ETC. | |
| Place of publication, distribution, etc. | Karachi: |
| Name of publisher, distributor, etc. | H. M Saeed Company, |
| Date of publication, distribution, etc. | 1995. |
| 650 ## - SUBJECT ADDED ENTRY--TOPICAL TERM | |
| Topical term or geographic name entry element | اصلاحی نصاب |
| 9 (RLIN) | 126054 |
| 942 ## - ADDED ENTRY ELEMENTS (KOHA) | |
| Source of classification or shelving scheme | |
| Koha item type | Book |
| Withdrawn status | Lost status | Source of classification or shelving scheme | Damaged status | Not for loan | Permanent Location | Current Location | Shelving location | Date acquired | Total Checkouts | Full call number | Barcode | Date last seen | Price effective from | Koha item type |
|---|---|---|---|---|---|---|---|---|---|---|---|---|---|---|
| College of Electrical & Mechanical Engineering (CEME) | College of Electrical & Mechanical Engineering (CEME) | General Stacks | 09/25/2024 | 297.7 ASH | CEME- 33861 | 09/25/2024 | 09/25/2024 | Book |
